000
00303nam a22001337a 4500
008
171123b xxu||||| |||| 00| 0 eng d
020
_a
9780133998900
041
_a
eng
080
_2
4TH
_a
62
100
_a
27
101
_a
MEK
245
_a
FLUID POWER WITH APPLICATIONS
_c
ESPOSITO,A
942
_2
udc
_c
BK
999
_c
38381
_d
38381